LEADER 01531nas 2200445 c 450 001 9910893777603321 005 20260218111747.0 035 $a(CKB)5280000000197763 035 $a(DE-599)ZDB2641662-1 035 $a(OCoLC)863112423 035 $a(OCoLC)772909224 035 $a(DE-101)1017911762 035 $a(DE-599)2641662-1 035 $a(EXLCZ)995280000000197763 100 $a20111209a20109999 |y | 101 0 $ager 135 $aur||||||||||| 181 $ctxt$2rdacontent 182 $cc$2rdamedia 183 $acr$2rdacarrier 200 10$aBarmer-GEK-Heil- und Hilfsmittel-Report$eAuswertungsergebnisse der Barmer GEK Heil- und Hilfsmitteldaten aus den Jahren .. 210 31$aSiegburg$cAsgard-Verl.-Service$d2010- 210 21$aSt. Augustin$cAsgard-Verl.$d-2011 215 $aOnline-Ressource 517 $aBarmer-GEK-Heil- und Hilfsmittel-Report 517 3 $aBarmer GEK Heil- und Hilfsmittel-Report 606 $aHeil- und Hilfsmittel$3(DE-588)4024018-6$3https://d-nb.info/gnd/4024018-6$3(DE-101)040240185$2gnd 606 $aMedizinische Versorgung$3(DE-588)4038270-9$3https://d-nb.info/gnd/4038270-9$3(DE-101)040382702$2gnd 608 $aZeitschrift$2gnd-content 608 $aZeitschrift$2gnd 615 7$aHeil- und Hilfsmittel. 615 7$aMedizinische Versorgung. 676 $a615.505 801 0$b0046 801 1$bDE-101 801 2$b9999 906 $aJOURNAL 912 $a9910893777603321 996 $aBarmer-GEK-Heil- und Hilfsmittel-Report$94245922 997 $aUNINA